Encryption and steganographic algorithms for data communication security / (رقم التسجيلة. 15491)
[ عرض عادي ]
| 000 -LEADER | |
|---|---|
| fixed length control field | 013620000a22003370004500 |
| 003 - CONTROL NUMBER IDENTIFIER | |
| control field | EG-GICUC |
| 005 - DATE AND TIME OF LATEST TRANSACTION | |
| control field | 20250223025543.0 |
| 008 - FIXED-LENGTH DATA ELEMENTS--GENERAL INFORMATION | |
| fixed length control field | 061122s2005 ua a f m 000 0 eng d |
| 040 ## - CATALOGING SOURCE | |
| Original cataloging agency | EG-GICUC |
| Language of cataloging | eng |
| Transcribing agency | EG-GICUC |
| 041 0# - LANGUAGE CODE | |
| Language code of text/sound track or separate title | Eng |
| 049 ## - LOCAL HOLDINGS (OCLC) | |
| Holding library | Deposite |
| 097 ## - Thesis Degree | |
| Thesis Level | Ph.D |
| 099 ## - LOCAL FREE-TEXT CALL NUMBER (OCLC) | |
| Classification number | Cai01.12.12.Ph.D.2005.Ma.E. |
| 100 0# - MAIN ENTRY--PERSONAL NAME | |
| Personal name | Mahmoud Idlebi Shaar |
| 245 10 - TITLE STATEMENT | |
| Title | Encryption and steganographic algorithms for data communication security / |
| Statement of responsibility, etc. | Mahmoud Idlebi Shaar ; Supervised Laila Fahmy Abd El al , Magdy Saeb , Usama Abd El raouf Badawi |
| 246 15 - VARYING FORM OF TITLE | |
| Title proper/short title | خوارزميات التشفير والاخفاء لتامين اتصال البيانات |
| 260 ## - PUBLICATION, DISTRIBUTION, ETC. | |
| Place of publication, distribution, etc. | Cairo : |
| Name of publisher, distributor, etc. | Mahmoud Idlebi Shaar , |
| Date of publication, distribution, etc. | 2005 |
| 300 ## - PHYSICAL DESCRIPTION | |
| Extent | 146p : |
| Other physical details | ill ; |
| Dimensions | 30cm |
| 502 ## - DISSERTATION NOTE | |
| Dissertation note | Thesis (PH.D.) - Cairo University - Faculty Of Science - Department Of Computer Science |
| 520 ## - SUMMARY, ETC. | |
| Summary, etc. | The digital revolution has brought about profound changes in our society and our lives |
| 530 ## - ADDITIONAL PHYSICAL FORM AVAILABLE NOTE | |
| Additional physical form available note | Issued also as CD |
| 653 #4 - INDEX TERM--UNCONTROLLED | |
| Uncontrolled term | Data Communication Security |
| 653 #4 - INDEX TERM--UNCONTROLLED | |
| Uncontrolled term | Encryption and Stegnographic Algorithms |
| 700 0# - ADDED ENTRY--PERSONAL NAME | |
| Personal name | Laila Fahmy Abd El al , |
| Relator term | |
| 700 0# - ADDED ENTRY--PERSONAL NAME | |
| Personal name | Magdy Saeb , |
| Relator term | |
| 700 0# - ADDED ENTRY--PERSONAL NAME | |
| Personal name | Usama Abd El raouf Badawi , |
| Relator term | |
| 856 ## - ELECTRONIC LOCATION AND ACCESS | |
| Uniform Resource Identifier | <a href="http://172.23.153.220/th.pdf">http://172.23.153.220/th.pdf</a> |
| 905 ## - LOCAL DATA ELEMENT E, LDE (RLIN) | |
| Cataloger | Esam |
| Reviser | Revisor |
| 905 ## - LOCAL DATA ELEMENT E, LDE (RLIN) | |
| Cataloger | Maher |
| Reviser | Cataloger |
| 942 ## - ADDED ENTRY ELEMENTS (KOHA) | |
| Source of classification or shelving scheme | Dewey Decimal Classification |
| Koha item type | Thesis |
| Source of classification or shelving scheme | Not for loan | Home library | Current library | Date acquired | Full call number | Barcode | Date last seen | Koha item type |
|---|---|---|---|---|---|---|---|---|
| Dewey Decimal Classification | المكتبة المركزبة الجديدة - جامعة القاهرة | قاعة الرسائل الجامعية - الدور الاول | 11.02.2024 | Cai01.12.12.Ph.D.2005.Ma.E. | 01010110043701000 | 22.09.2023 | Thesis | |
| Dewey Decimal Classification | المكتبة المركزبة الجديدة - جامعة القاهرة | مخـــزن الرســائل الجـــامعية - البدروم | 11.02.2024 | Cai01.12.12.Ph.D.2005.Ma.E. | 01020110043701000 | 22.09.2023 | CD - Rom |